| 000 | 00539nam a2200193Ia 4500 | ||
|---|---|---|---|
| 005 | 20250326123431.0 | ||
| 008 | 250326s9999 xx 000 0 und d | ||
| 037 | _aTextbook | ||
| 040 |
_aFMSL _beng _cFMSL |
||
| 041 |
_aeng _2eng |
||
| 084 |
_aX8(A):8y7 P4 _qFMSL |
||
| 100 | _aAnthony R N | ||
| 245 | 0 |
_aManagement control systems _cAnthony R N; Govindarajan V |
|
| 250 | _a11 | ||
| 260 |
_aNew Delhi _bNew Delhi, Tata McGraw Hill _c2004 |
||
| 300 | _a851p | ||
| 942 |
_cTB _hX8(A):8y7 P4 |
||
| 999 |
_c1269347 _d1269347 |
||